[Event "Barbera del Valles op 45th"]
[Site "Barbera del Valles"]
[Date "2023.07.06"]
[Round "3"]
[White "Perez Bolanos, David"]
[Black "Joel Paul, Ganta"]
[Result "1/2-1/2"]
[WhiteElo "2071"]
[BlackElo "1974"]
[PlyCount "111"]
[EventDate "2023.07.04"]
[EventType "swiss"]
[EventRounds "9"]
[EventCountry "ESP"]
[SourceTitle "CBM 215 Extra"]
[Source "ChessBase"]
[SourceDate "2023.09.30"]
[SourceVersion "1"]
[SourceVersionDate "2023.09.30"]
[SourceQuality "1"]

1. d4 d5 2. c4 c6 3. Nc3 Nf6 4. e3 e6 5. Nf3 Nbd7 6. Be2 Bd6 7. 0-0 0-0 8. b3 b6 9. Bb2 Bb7 10. Bd3 c5 11. cxd5 Nxd5 12. Nxd5 Bxd5 13. e4 Bb7 14. e5 Be7 15. Re1 cxd4 16. Be4 Qb8 17. Nxd4 Bxe4 18. Rxe4 Qb7 19. Re2 Rfd8 20. Rc1 Nf8 21. Qd3 Rac8 22. Rxc8 Qxc8 23. Qc3 Qa6 24. Qc4 Qxc4 25. bxc4 Rc8 26. Rc2 Ng6 27. Nb5 a6 28. Nd6 Rc6 29. Ne4 Nf4 30. f3 b5 31. c5 Nd5 32. Bd4 f6 33. a3 fxe5 34. Bxe5 Ne3 35. Rc3 Nd5 36. Rc2 Nf6 37. Bd4 Nd7 38. Kf2 e5 39. Be3 Kf7 40. Ke2 Ke6 41. Kd3 h6 42. g4 Rc8 43. Rc1 Nb8 44. f4 exf4 45. Bxf4 Nd7 46. Re1 Kf7 47. Nd6+ Bxd6 48. cxd6 Nc5+ 49. Kd2 Ne6 50. Bg3 Rc4 51. h3 Ra4 52. Re3 Rd4+ 53. Kc2 g5 54. Be5 Rc4+ 55. Kb2 Ke8 56. Rf3 1/2-1/2

[Event "Barbera del Valles op 44th"]
[Site "Barbera del Valles"]
[Date "2022.07.12"]
[Round "9.13"]
[White "Perez Bolanos, David"]
[Black "Shah, Vishwa"]
[Result "1/2-1/2"]
[WhiteElo "2041"]
[BlackElo "1931"]
[PlyCount "75"]
[EventDate "2022.07.04"]
[EventType "swiss"]
[EventRounds "9"]
[EventCountry "ESP"]
[SourceTitle "EXT 2023"]
[Source "ChessBase"]
[SourceDate "2022.10.05"]
[SourceVersion "1"]
[SourceVersionDate "2022.10.05"]
[SourceQuality "1"]

1. d4 Nf6 2. c4 c5 3. d5 b5 4. cxb5 a6 5. bxa6 g6 6. Nc3 Bg7 7. e4 0-0 8. Bc4 Qa5 9. a7 Rxa7 10. Bd2 Qb6 11. Nf3 Ba6 12. b3 d6 13. 0-0 Nbd7 14. a4 Ne8 15. Rb1 Nc7 16. Qe2 Rb8 17. h4 Qb7 18. h5 Qc8 19. Rfc1 Bxc4 20. bxc4 Nb6 21. h6 Bf8 22. Ra1 Rba8 23. e5 Nxa4 24. Ne4 Ne8 25. Ra3 Qf5 26. Ng3 Qg4 27. Re3 f5 28. exf6 Nxf6 29. Re6 Nb6 30. Ne4 Nbd7 31. Bg5 Ra1 32. Re1 R8a2 33. Ned2 Ne5 34. Rxa1 Rxa1+ 35. Kh2 Qh5+ 36. Kg3 Qg4+ 37. Kh2 Qh5+ 38. Kg3 1/2-1/2

[Event "Barbera del Valles op 44th"]
[Site "Barbera del Valles"]
[Date "2022.07.09"]
[Round "6"]
[White "Vehi Bach, Victor Manuel"]
[Black "Perez Bolanos, David"]
[Result "1/2-1/2"]
[WhiteElo "2290"]
[BlackElo "2041"]
[PlyCount "50"]
[EventDate "2022.07.04"]
[EventType "swiss"]
[EventRounds "9"]
[EventCountry "ESP"]
[SourceTitle "EXT 2023"]
[Source "ChessBase"]
[SourceDate "2022.10.05"]
[SourceVersion "1"]
[SourceVersionDate "2022.10.05"]
[SourceQuality "1"]

1. e4 e5 2. Nf3 Nc6 3. Nc3 Nf6 4. Bb5 Nd4 5. 0-0 c6 6. Bd3 Nxf3+ 7. Qxf3 Bd6 8. Be2 0-0 9. d3 h6 10. Qg3 Kh7 11. Kh1 Bc7 12. f4 d6 13. Be3 d5 14. fxe5 d4 15. Bf4 Nd7 16. e6 Bxf4 17. Rxf4 dxc3 18. exd7 cxb2 19. Rb1 Qxd7 20. Rxb2 Qd4 21. Rb1 b6 22. Qf2 Qxf2 23. Rxf2 Be6 24. a3 Rfd8 25. c3 c5 1/2-1/2

[Event "Cattolica Halloween op"]
[Site "Cattolica"]
[Date "2021.10.27"]
[Round "1"]
[White "Perez Bolanos, David"]
[Black "Cvitan, Ognjen"]
[Result "0-1"]
[WhiteElo "2060"]
[BlackElo "2470"]
[PlyCount "83"]
[EventDate "2021.10.27"]
[EventType "swiss"]
[EventRounds "9"]
[EventCountry "ITA"]
[SourceTitle "CBM 204 Extra"]
[Source "ChessBase"]
[SourceDate "2021.11.30"]
[SourceVersion "1"]
[SourceVersionDate "2021.11.30"]
[SourceQuality "1"]

1. e4 c5 2. Nf3 d6 3. d4 cxd4 4. Qxd4 Nf6 5. h3 Nc6 6. Qe3 g6 7. Be2 Bg7 8. 0-0 0-0 9. c4 Qb6 10. Qxb6 axb6 11. Nc3 Be6 12. Be3 Nd7 13. Rfd1 Bxc3 14. bxc3 Na5 15. Nd2 Rfc8 16. Rdb1 Nxc4 17. Bxc4 Bxc4 18. Bxb6 Bxa2 19. Rb2 Be6 20. Rxa8 Rxa8 21. Bd4 b6 22. Rb4 Ra6 23. Kf1 f6 24. f4 Kf8 25. Ke2 Ke8 26. Ke3 Bf7 27. f5 Kd8 28. g4 Kc7 29. Rb1 Ra8 30. h4 Rg8 31. Rg1 d5 32. Kf4 dxe4 33. Nxe4 Bd5 34. Ng3 gxf5 35. gxf5 Nc5 36. Ne2 e5+ 37. fxe6 Nxe6+ 38. Ke3 Re8 39. Bxf6 Nc5+ 40. Kd4 Kc6 41. Ng3 b5 42. Bg5 0-1

[Event "Paracin Summer op 14th"]
[Site "Paracin"]
[Date "2021.07.09"]
[Round "1"]
[White "Perez Bolanos, David"]
[Black "Sylvan, Jacob"]
[Result "0-1"]
[WhiteElo "2038"]
[BlackElo "2322"]
[PlyCount "100"]
[EventDate "2021.07.09"]
[EventType "swiss"]
[EventRounds "9"]
[EventCountry "SRB"]
[SourceTitle "EXT 2022"]
[Source "ChessBase"]
[SourceDate "2021.10.06"]
[SourceVersion "1"]
[SourceVersionDate "2021.10.06"]
[SourceQuality "1"]

1. e4 c5 2. Nf3 Nc6 3. Bb5 g6 4. 0-0 Bg7 5. Re1 Nf6 6. e5 Nd5 7. Nc3 Nc7 8. Bxc6 dxc6 9. Ne4 Ne6 10. d3 0-0 11. Be3 b6 12. Qd2 Qc7 13. Bh6 Rd8 14. Bxg7 Kxg7 15. Qe3 h6 16. Ng3 Nf8 17. Nd2 Ne6 18. f4 Nd4 19. Rac1 Bf5 20. Nf3 Qd7 21. Nxd4 Qxd4 22. Nxf5+ gxf5 23. Qxd4 Rxd4 24. g3 Rad8 25. Kf2 a5 26. Ke2 h5 27. h4 e6 28. Red1 Kf8 29. Rd2 Ke7 30. c3 R4d5 31. Rcd1 f6 32. exf6+ Kxf6 33. d4 cxd4 34. Rxd4 c5 35. Rxd5 exd5 36. c4 Re8+ 37. Kd3 Re4 38. cxd5 Rd4+ 39. Kc2 Rxd1 40. Kxd1 Ke7 41. Kc2 Kd6 42. a4 Kxd5 43. Kd3 c4+ 44. Kd2 Kc5 45. Kc3 b5 46. axb5 Kxb5 47. Kd2 Kb4 48. Kc2 a4 49. Kc1 c3 50. bxc3+ Kxc3 0-1